000 01569cam a22004694i 4500
003 PE-LiUPU
005 20250731165512.0
008 150623s r 000 0 d
035 _a(Sirsi) a24269
040 _aPE-LiUPU
_bspa
_cPE-LiUPU
_erda
082 0 4 _a220.3e
_bM12
_221
100 1 _aM'Clintock, John,
_eautor.
245 1 0 _aCyclopaedia of biblical, theological, and ecclesiastical literature.
_n6.
264 1 _aNew York, NY :
_bHarper & Brothers Publishers,
_c1868.
300 _a991 páginas :
_bilustraciones, gráficos ;
_c24 cm.
336 _atext
_2rdacontent
337 _aunmediated
_2rdamedia
338 _avolume
_2rdacarrier
500 _aSin portada.
505 0 _aCyclopaedia of biblical, theological, and ecclesiastical literature (Mead-Nevis).
526 _aSEG44
526 _aSEG26
526 _aP151
526 _aP150
526 _aP149
526 _aP146
526 _aP145
526 _aP126
526 _aP125
526 _aP92
526 _aP75
526 _aP74
526 _aP27
526 _aP15
650 0 4 _aTeología
_vEnciclopedias.
700 1 _aStrong, James,
_eautor.
942 _2ddc
_cBOOK
949 _aRC 220.3e M12 6
_wDEWEY
_c1
_i48556
_lCCODEBUL1
_mBUL
_p00.00
_r0
_sY
_tBOOK
_u2015-06-24
_xBIBLIOTECA
_PP35
_0COMPRA
_o.STAFF. Colección General
596 _a1
999 _aRC 220.3E M12 6
_wDEWEY
_c27727
_i48556
_f2021-11-8
_g6
_lCCODEBUL1
_mBUL
_r1
_sY
_tBOOK
_u2015-6-24
_xTEOLOGIA
_PP35
_0COMPRA
_o.STAFF. Colección General
_d27727
980 _81
_gALBERTO SANCHEZ Responsable de Automatización